Benefits pro

Bibliographic Details
Previous Title:Benefits selling
Format: Electronic Journal
Language:English
Published: Erlanger, KY : ALM Media, LLC, 2016-
Subjects:
Online Access:Full text available from Research Library: 01/01/2006 to present

MARC

LEADER 00000nas a2200000 i 4500
001 ssj0001792246
003 WaSeSS
005 20200512172242.0
006 m d
007 cr n
008 160615c20169999kyumr p s 0 a0eng
010 |a  2016202756 
022 |a 2473-0335  |y 2473-0319 
035 |a (WaSeSS)ssj0001792246 
037 |b ALM Media, LLC, 4157 Olympic Blvd., Ste. 225, Erlanger, KY 41018-3510 
040 |a DLC  |b eng  |c DLC  |d OCLCF  |d ZAC  |d UAB  |d WaSeSS 
042 |a nsdp  |a pcc 
082 1 0 |a 332  |2 15 
222 0 |a Benefits pro  |b (Online) 
245 0 0 |a Benefits pro  |h [electronic resource]. 
246 1 |a BenefitsPro 
260 |a Erlanger, KY :  |b ALM Media, LLC,  |c 2016- 
310 |a Monthly 
362 1 |a Began with Vol. 14, No. 6 (June 2016). 
506 |a License restrictions may limit access. 
588 |a Description based on: Vol. 14, No. 6 (June 2016); title from magazine home page (publisher's website viewed June 15, 2016). 
588 |a Latest issue consulted: Vol. 14, No. 6 (June 2016). 
650 0 |a Employee fringe benefits  |v Periodicals. 
650 0 |a Compensation management  |v Periodicals. 
650 7 |a Compensation management.  |2 fast  |0 (OCoLC)fst00871412 
650 7 |a Employee fringe benefits.  |2 fast  |0 (OCoLC)fst00908971 
655 0 |a Electronic journals. 
776 0 8 |i Print version:  |t Benefits pro  |x 2473-0319  |w (DLC) 2016202755  |w (OCoLC)951748766 
780 0 0 |t Benefits selling 
856 4 0 |z Full text available from Research Library: 01/01/2006 to present  |u https://search.proquest.com/publication/196191